000 00440nam a22001697a 4500
005 20180726151806.0
008 160517b xxu||||| |||| 00| 0 eng d
020 _a8176601624
041 _aeng
082 _b2468
_a658.3
100 _aGhanekar, Dr. Mrs. Anjali .
_92300
245 _aEssentials of organization development
260 _aPune
_bEverest Publishing house
_c2010
300 _a507p,
650 _aManagement
_9241
942 _cBK
999 _c895
_d895